|
|
|
|
| LEADER |
00000nab a2200000 a 4500 |
| 001 |
vtls000695061 |
| 003 |
SK-MaSNL |
| 005 |
20260426072221.0 |
| 008 |
180206c1999 xo 0 slo |
| 015 |
|
|
|a SNBRB1999/07-16136
|
| 035 |
|
|
|a CLN000047228
|
| 040 |
|
|
|a SNKBUCL
|b slo
|c SNKBUCL
|e AACR2
|
| 041 |
0 |
|
|a slo
|
| 044 |
|
|
|a xo
|c SK
|
| 080 |
|
|
|a 338.2(437.6)
|2 UDC-MRF-SK2
|
| 080 |
|
|
|a 327.39(4:437.6)
|2 UDC-MRF-SK2
|
| 080 |
|
|
|a 339.923(4)
|2 UDC-MRF-SK2
|
| 100 |
1 |
|
|a Schüssel, Wolfgang
|4 aut
|9 1319063
|
| 245 |
1 |
0 |
|a Integrácia sa začína doma
|b Wolfgang Shüssel pre Hd
|c Wolfgang Schüssel
|
| 610 |
2 |
7 |
|a Európska únia
|2 SNKKA
|9 29861
|
| 650 |
0 |
7 |
|a ekonomika
|2 SNKPH
|9 789
|
| 651 |
|
7 |
|a Slovensko
|2 SNKPHgeo
|9 14231
|
| 655 |
|
7 |
|a články z novín a časopisov
|2 snkbucl
|9 267496
|
| 773 |
0 |
|
|x 1335-4124
|t Hospodársky denník
|g Roč. 1, č. 98 (7.7.1999), s. 1 a 20
|
| 850 |
|
|
|a Slovenská národná knižnica v Martine
|
| 852 |
|
|
|a SNK
|b KIS3GCP
|
| 958 |
|
|
|a RBX
|
| 999 |
|
|
|c 2686408
|d 2688338
|